Biología de insectos

Uloženo v:
Podrobná bibliografie
Hlavní autor: Toro Gutiérrez, Haroldo
Další autoři: Chiappa Tapia, Elizabeth, Tobar M., Carmen
Médium: Kniha
Jazyk:španělština
Vydáno: Valparaíso Ediciones Universitarias de Valparaíso 2009
Vydání:tercera edición
Témata:
Tagy: Přidat tag
Žádné tagy, Buďte první, kdo vytvoří štítek k tomuto záznamu!

MARC

LEADER 00000cam a2200000 a 4500
001 UCH3251
003 CL-VaPUC
005 20240910163546.0
008 090723e20090000CL |||||||||||||||||spa|d
999 |c 334868  |d 334866 
020 |a 9789561703407 
040 |c Pontificia Universidad Católica de Valparaíso 
082 0 4 |a 595.7 TOR 2009  |2 21 
100 0 |a Toro Gutiérrez, Haroldo  |9 538548 
245 1 0 |a Biología de insectos 
250 |a tercera edición 
260 |a Valparaíso  |b Ediciones Universitarias de Valparaíso  |c 2009 
300 |a 249 páginas 
583 |a last modification  |c 20171117 10:19:43  |k Rodrigo Vera 
650 0 |a Entomología   |x Taxonomía de insectos   |9 269835 
650 0 |a Control de plagas  |9 327373 
650 0 |a Insectos nocivos  |9 682932 
700 0 |a Chiappa Tapia, Elizabeth  |9 538549 
700 0 |a Tobar M., Carmen  |9 538550 
942 |c BK  |2 ddc 
945 |d 20090723 00:00:00  |a rbrito 
952 |0 0  |1 0  |2 ddc  |4 0  |6 595_700000000000000_TOR_2009  |7 0  |8 A  |9 424125  |a BIBCUR  |b BIBCUR  |d 2019-11-22  |i 457446K  |o 595.7 TOR 2009  |p 457446K  |r 2025-04-22  |t 1  |w 2019-11-22  |y BK  |k BIO 
952 |0 0  |1 0  |2 ddc  |3 erb  |4 0  |6 595_700000000000000_TOR_2009  |7 0  |8 R  |9 424126  |a BIBAGR  |b BIBAGR  |i 5242754  |l 8  |o 595.7 TOR 2009  |p 5242754  |q 2025-07-30  |r 2025-03-20  |s 2025-03-20  |t 2  |w 2019-11-22  |y BK_R  |z Catalogado en:20151016  |k AGR